000 01196nam a2200349Ic 4500
001 58903
003 CO-BoRNBP
005 20250829155450.0
007 ta
008 180109s2015 sp g 000 0 spa
020 _a9788467006377
040 _aCO-BoRNBP
_bspa
_erda
_cCO-BoRNBP
041 _aspa
082 0 4 _a320.1
_bM16p
100 _aMaquiavelo, Nicolás
_eaut
_919490
245 1 3 _aEl príncipe /
_cNicolás Maquiavelo ; comentado por Napoleón Bonaparte ; introducción de Giuliano Procacci ; traducción y notas de Eli Leonetti Jungl.
250 _aCuadragésima quinta
264 1 _aBarcelona, España :
_bEspasa,
_c2015
300 _a252 páginas
336 _atexto
_btxt
_2rdacontent
337 _asin mediación
_bn
_2rdamedia
338 _avolumen
_bnc
_2rdacarrier
490 0 _aAustral : Humanidades
500 _aIncluye información biográfica del autor
650 0 7 _aCiencia política
_2lemb
650 0 7 _aEstado
_xFundamentos
_2lemb
_964356
650 0 7 _aPolítica
_xÉtica
_2lemb
_964357
700 _aBonaparte, Napoleón-Louis
_ecmm
_964358
700 _aJungl, Eli Leonetti
_etrl
_964359
700 _aProcacci, Giuliano,
_d1926-2008
_ewin
_964360
942 _2ddc
_cBK
999 _c58903
_d58903